Snímače a prevodníky

Bibliographic Details
Main Authors: Virgala, Ivan, 1983- (Author), Miková, Ľubica, 1983- (Author), Sukop, Marek, 1976- (Author), Vagaš, Marek, 1981- (Author), Lipták, Tomáš (Author), Kelemen, Michal, 1974- (Author)
Format: Book
Language:Slovak
PhysicalDescription:183 strán fotografie, grafy, ilustrácie, modely, schémy 30 cm
Published: Košice Technická unvierzita v Košiciach, Strojnícka fakulta 2017
ISBN:9788055328799
Edition:Vydanie prvé
Series:Edícia študijnej literatúry
Subjects:

MARC

LEADER 00000cam a2200000 4500
001 vtls011751024
003 SK-MaSNL
005 20260302054355.0
008 200205s2017 xo odalfrnp 000 0 slo
015 |a SNBA2018/06 
020 |a 9788055328799  |q (brožované) 
035 |a urn:nbn:sk:snk-am00d8oe 
035 |a urn:nbn:sk:snk-am3htfm 
035 |a 44E29810-E652-4995-AA39-DBD350580DB8 
040 |a SNK  |b slo  |c SNK  |e rda 
041 0 |a slo 
044 |a xo  |c SK 
072 7 |a 621  |x Strojárstvo  |2 konspekt 
080 |a 621.316.53/.57  |2 2011 
080 |a 621.31-1  |2 2011 
080 |a 681.586  |2 2011 
080 |a 621:004.896  |2 2011 
080 |a (075.8)  |2 2011 
100 1 |a Virgala, Ivan,  |d 1983-  |4 aut  |9 251172 
245 1 0 |a Snímače a prevodníky  |c Ivan Virgala, Ľubica Miková, Marek Sukop, Marek Vagaš, Tomáš Lipták, Michal Kelemen 
250 |a Vydanie prvé 
264 1 |a Košice  |b Technická unvierzita v Košiciach, Strojnícka fakulta  |c 2017 
300 |a 183 strán  |b fotografie, grafy, ilustrácie, modely, schémy  |c 30 cm 
336 |a text  |b txt  |2 rdacontent 
336 |a statický obraz  |b sti  |2 rdacontent 
337 |a bez média  |b n  |2 rdamedia 
338 |a zväzok  |b nc  |2 rdacarrier 
490 1 |a Edícia študijnej literatúry 
504 |a Bibliografia na strane 166-182 
650 0 7 |a spínače  |2 SNKPH  |9 24331 
650 0 7 |a elektrické zariadenia  |2 SNKPH  |9 3916 
650 0 7 |a prevodníky  |2 SNKPH  |9 713521 
650 0 7 |a mechatronika  |2 SNKPH  |9 15114 
650 0 7 |a Switching devices  |2 SNKPHeng  |9 298155 
650 0 7 |a Electric equipments  |2 SNKPHeng  |9 303254 
650 0 7 |a Converters  |2 SNKPHeng  |9 713522 
650 0 7 |a Mechatronics  |2 SNKPHeng  |9 327621 
655 7 |a učebnice vysokých škôl  |2 SNKPH  |9 70191 
655 7 |a Textbooks (higher)  |2 SNKPHeng  |9 276436 
700 1 |a Miková, Ľubica,  |d 1983-  |4 aut  |9 187514 
700 1 |a Sukop, Marek,  |d 1976-  |4 aut  |9 196101 
700 1 |a Vagaš, Marek,  |d 1981-  |4 aut  |9 195062 
700 1 |a Lipták, Tomáš  |4 aut  |9 347000 
700 1 |a Kelemen, Michal,  |d 1974-  |4 aut  |9 17907 
830 0 |a Edícia študijnej literatúry  |9 323544 
919 |a 978-80-553-2879-9 
958 |a NB 
999 |c 1113021  |d 1114951 
952 |a SNK  |b SNK  |y PREZ  |7 0  |p 17A1323875  |o snkSB 92721  |i snk2018/8580  |8 0  |0 0  |1 0  |4 0  |d 2018-04-16  |f 1  |l 0  |r 2025-05-14 00:00:00  |w 2026-02-24 
952 |a SNK  |b SNK  |y VYP  |7 0  |p 17A1323876  |o snkSB 92721 D1  |i snk2018/8581  |8 0  |0 0  |1 0  |4 0  |d 2018-04-16  |l 0  |r 2026-02-24 18:07:05  |w 2026-02-24